English-Gĩkũyũ, Gĩkũyũ-English vocabulary and usage / (Record no. 1551)
[ view plain ]
| 000 -LEADER | |
|---|---|
| fixed length control field | 00932cam a2200289 a 4500 |
| 001 - CONTROL NUMBER | |
| control field | 14539391 |
| 003 - CONTROL NUMBER IDENTIFIER | |
| control field | OSt |
| 005 - DATE AND TIME OF LATEST TRANSACTION | |
| control field | 20230620102309.0 |
| 008 - FIXED-LENGTH DATA ELEMENTS--GENERAL INFORMATION | |
| fixed length control field | 060908s2006 ke d 000 0 eng |
| 010 ## - LIBRARY OF CONGRESS CONTROL NUMBER | |
| LC control number | 2006317100 |
| 020 ## - INTERNATIONAL STANDARD BOOK NUMBER | |
| International Standard Book Number | 9966708219 |
| 040 ## - CATALOGING SOURCE | |
| Original cataloging agency | DLC |
| Transcribing agency | DLC |
| Modifying agency | DLC |
| 041 0# - LANGUAGE CODE | |
| Language code of text/sound track or separate title | eng |
| -- | kik |
| 042 ## - AUTHENTICATION CODE | |
| Authentication code | lcode |
| 050 00 - LIBRARY OF CONGRESS CALL NUMBER | |
| Classification number | PL8379.4 |
| Item number | .W36 2006 |
| 082 00 - DEWEY DECIMAL CLASSIFICATION NUMBER | |
| Classification number | 496.3954 |
| Edition number | 22 |
| Item number | WAN |
| 100 1# - MAIN ENTRY--PERSONAL NAME | |
| Personal name | Wanjohi, G. J. |
| 245 10 - TITLE STATEMENT | |
| Title | English-Gĩkũyũ, Gĩkũyũ-English vocabulary and usage / |
| Statement of responsibility, etc. | by Gerald J. Wanjohi. |
| 246 14 - VARYING FORM OF TITLE | |
| Title proper/short title | English-Kikuyu, Kikuyu-English vocabulary and usage |
| 260 ## - PUBLICATION, DISTRIBUTION, ETC. (IMPRINT) | |
| Place of publication, distribution, etc. | Nairobi : |
| Name of publisher, distributor, etc. | Nyatũrĩma Publications, |
| Date of publication, distribution, etc. | 2006. |
| 300 ## - PHYSICAL DESCRIPTION | |
| Extent | 64 p. ; |
| Dimensions | 21 cm. |
| 650 #0 - SUBJECT ADDED ENTRY--TOPICAL TERM | |
| Topical term or geographic name as entry element | Kikuyu language |
| Form subdivision | Dictionaries |
| General subdivision | English. |
| 650 #0 - SUBJECT ADDED ENTRY--TOPICAL TERM | |
| Topical term or geographic name as entry element | English language |
| Form subdivision | Dictionaries |
| General subdivision | Kikuyu. |
| 906 ## - LOCAL DATA ELEMENT F, LDF (RLIN) | |
| a | 7 |
| b | cbc |
| c | origode |
| d | 2 |
| e | ncip |
| f | 20 |
| g | y-gencatlg |
| 942 ## - ADDED ENTRY ELEMENTS (KOHA) | |
| Source of classification or shelving scheme | Dewey Decimal Classification |
| Koha item type | Books |
| Withdrawn status | Lost status | Source of classification or shelving scheme | Damaged status | Not for loan | Collection code | Home library | Current library | Shelving location | Date acquired | Total Checkouts | Full call number | Barcode | Date last seen | Price effective from | Koha item type |
|---|---|---|---|---|---|---|---|---|---|---|---|---|---|---|---|
| Dewey Decimal Classification | Reference | Bunge Tower Library | Bunge Tower Library | Reference | 06/20/2023 | 496.3954 WAN | 10014584 | 06/20/2023 | 06/20/2023 | Books | |||||
| Dewey Decimal Classification | Reference | Bunge Tower Library | Bunge Tower Library | Reference | 06/20/2023 | 496.3954 WAN | 10014585 | 06/20/2023 | 06/20/2023 | Books | |||||
| Dewey Decimal Classification | Reference | Bunge Tower Library | Bunge Tower Library | Reference | 06/20/2023 | 496.3954 WAN | 10014586 | 06/20/2023 | 06/20/2023 | Books | |||||
| Dewey Decimal Classification | Reference | Bunge Tower Library | Bunge Tower Library | Reference | 06/20/2023 | 496.3954 WAN | 10014587 | 06/20/2023 | 06/20/2023 | Books |
